Online katalóg knižníc regiónu Turca

Sladká pomsta (Record no. 22237)

MARC details
000 -LEADER
fixed length control field 01365cam a2200409 a 4500
001 - CONTROL NUMBER
control field 22237
003 - CONTROL NUMBER IDENTIFIER
control field VRT
005 - DATE AND TIME OF LATEST TRANSACTION
control field 20260323142609.0
008 - FIXED-LENGTH DATA ELEMENTS--GENERAL INFORMATION
fixed length control field 240318s1994 xo e 000 f slo
015 ## - NATIONAL BIBLIOGRAPHY NUMBER
National bibliography number SNBA1994/12
020 ## - INTERNATIONAL STANDARD BOOK NUMBER
International Standard Book Number 8022005665
035 ## - SYSTEM CONTROL NUMBER
System control number SNK000019826
035 ## - SYSTEM CONTROL NUMBER
System control number urn:nbn:sk:snk-amjb18
035 ## - SYSTEM CONTROL NUMBER
System control number urn:nbn:sk:snk-am003mac
035 ## - SYSTEM CONTROL NUMBER
System control number ED89F240-8B10-4CCC-89C9-45BD142378B5
039 #9 - LEVEL OF BIBLIOGRAPHIC CONTROL AND CODING DETAIL [OBSOLETE]
Level of rules in bibliographic description 202408141127
Level of effort used to assign nonsubject heading access points csnk01
Level of effort used to assign subject headings 202407310831
Level of effort used to assign classification AUTHORITY
Level of effort used to assign subject headings 202403181724
Level of effort used to assign classification VLOAD
Level of effort used to assign subject headings 202402261440
Level of effort used to assign classification VLOAD
040 ## - CATALOGING SOURCE
Original cataloging agency SNK
Language of cataloging slo
Transcribing agency SNK
Description conventions AACR2
041 1# - LANGUAGE CODE
Language code of text/sound track or separate title slo
Language code of original eng
044 ## - COUNTRY OF PUBLISHING/PRODUCING ENTITY CODE
MARC country code xo
ISO country code SK
080 ## - UNIVERSAL DECIMAL CLASSIFICATION NUMBER
Universal Decimal Classification number 820 (73)-3
Edition identifier 1981
100 1# - MAIN ENTRY--PERSONAL NAME
Personal name Sheldon, Sidney,
Dates associated with a name 1917-2007
Relationship aut
240 10 - UNIFORM TITLE
Uniform title If Tomorrow Comes
Language of a work Slovensky
245 10 - TITLE STATEMENT
Title Sladká pomsta
Statement of responsibility, etc. Sidney Sheldon ; preklad Igor Otčenáš
250 ## - EDITION STATEMENT
Edition statement 1. vyd.
260 ## - PUBLICATION, DISTRIBUTION, ETC.
Place of publication, distribution, etc. Bratislava
Name of publisher, distributor, etc. Slovenský spisovateľ
Date of publication, distribution, etc. 1994
300 ## - PHYSICAL DESCRIPTION
Extent 351 s.
Dimensions 20 cm
500 ## - GENERAL NOTE
General note Preložené z angličtiny
655 #7 - INDEX TERM--GENRE/FORM
Genre/form data or focus term americké romány
Source of term SNKPH
655 #7 - INDEX TERM--GENRE/FORM
Genre/form data or focus term detektívne romány
Source of term SNKPH
700 1# - ADDED ENTRY--PERSONAL NAME
Personal name Otčenáš, Igor,
Dates associated with a name 1956-
Relationship trl
942 ## - ADDED ENTRY ELEMENTS (KOHA)
Source of classification or shelving scheme Dewey Decimal Classification
Koha item type Krásna literatúra pre dospelých
Suppress in OPAC No
949 ## - LOCAL PROCESSING INFORMATION (OCLC)
6 17A0040714
a snkSD 66783 D1
b snkKSP 10814/94
s 6100:20201009
949 ## - LOCAL PROCESSING INFORMATION (OCLC)
6 17A1051954
a snkSD 66783
949 ## - LOCAL PROCESSING INFORMATION (OCLC)
6 273K0193888
a svkpoA 163611
b svkpo404424
o PV 3943/94
Holdings
Stav vyradenia Strata Poškodenie Spôsob nadobudnutia Domovská knižnica Aktuálna knižnica Dátum nadobudnutia Total checkouts Čiarový kód exemplára Date last seen Typ exemplára
      Dar Obecná knižnica Horná Štubňa Obecná knižnica Horná Štubňa 23.03.2026   4736201910 23.03.2026 Krásna literatúra pre dospelých
Projekt je podporený Slovenskou asociáciou knižníc
Prevádzkuje Turčianska knižnica Martin 2026